| 000 -LEADER | |
|---|---|
| fixed length control field | 00450nam a22001697a 4500 |
| 005 - DATE AND TIME OF LATEST TRANSACTION | |
| control field | 20230118110046.0 |
| 008 - FIXED-LENGTH DATA ELEMENTS--GENERAL INFORMATION | |
| fixed length control field | 190503b xxu||||| |||| 00| 0 eng d |
| 020 ## - INTERNATIONAL STANDARD BOOK NUMBER | |
| ISBN | 978-93-86700-37-7 |
| 041 ## - LANGUAGE CODE | |
| Language code of text/sound track or separate title | eng |
| 100 ## - MAIN ENTRY--AUTHOR NAME | |
| Personal name | KUMAR, DR. PUSPENDRA |
| 245 ## - TITLE STATEMENT | |
| Title | A PRACTICAL BOOK OF PHARMACEUTICAL ANALYSIS (SEM-I) |
| 250 ## - EDITION STATEMENT | |
| Edition statement | 2nd ed, 2019 |
| 260 ## - PUBLICATION, DISTRIBUTION, ETC. (IMPRINT) | |
| Place of publication | PUNE |
| Name of publisher | NIRALI PRAKASHAN |
| 300 ## - PHYSICAL DESCRIPTION | |
| Number of Pages | A.4p, |
| 650 ## - SUBJECT ADDED ENTRY--TOPICAL TERM | |
| Topical Term | PHARMACY |
| General subdivision | D.PHARMA |
| 942 ## - ADDED ENTRY ELEMENTS (KOHA) | |
| Koha item type | Books |
| Lost status | Damaged status | Collection code | Home library | Current library | Shelving location | Date acquired | Source of acquisition | Cost, normal purchase price | Full call number | Accession Number | Koha item type |
|---|---|---|---|---|---|---|---|---|---|---|---|
| PHARMACY | JRU Library | JRU Library | Shelf - 27- C | 03/05/2019 | PURCHESS | 90.00 | 615.19 | 22713 | Books | ||
| Reference | JRU Library | JRU Library | SHELF-4-D | 03/05/2019 | PURCHESS | 90.00 | 22714 | Books | |||
| PHARMACY | JRU Library | JRU Library | Shelf - 24- E | 03/05/2019 | PURCHESS | 90.00 | 22715 | Books |